| 000 | 00365nam a2200121Ia 4500 | ||
|---|---|---|---|
| 008 | 230907s9999||||xx |||||||||||||| ||und|| | ||
| 082 |
_a333.794137 _bDIE |
||
| 100 |
_aDiesendorf, Mark. _9115508 |
||
| 245 | 0 | _aGreenhouse solutions with sustainable energy / | |
| 260 |
_aUniversity of New South Wales Press, _bSydney : _c2010 |
||
| 300 | _axvi, 413 p. : | ||
| 942 | _cBK | ||
| 999 |
_c598945 _d598945 |
||